| 000 | 00716cam a2200289 4500 | ||
|---|---|---|---|
| 008 | 000000n2001 000 0 eng u | ||
| 020 | _a0421693207 | ||
| 035 | _a(Sirsi) u100881 | ||
| 041 | _aeng | ||
| 050 | _a346.41043 | ||
| 100 | _aPugh-Smith, J. | ||
| 245 | _aNeighbours and the law. | ||
| 250 | _a3rd. ed. | ||
| 260 |
_aLondon _bSweet & Maxwell _c2001 |
||
| 300 | _alxiv, 362p. 24cm. | ||
| 350 | _a55.00 | ||
| 650 |
_aBoundary disputes _96221 |
||
| 650 |
_aParty walls _96258 |
||
| 650 |
_aBUILDING CONTROL _96222 |
||
| 650 | _aCOVENANTS | ||
| 650 | _aPLANNING CONTROL | ||
| 650 | _aLAW | ||
| 690 |
_aBoundary disputes _96221 |
||
| 700 | _aUpton, W. | ||
| 700 | _aSinclair, G. | ||
| 942 | _n0 | ||
| 999 |
_c99897 _d99897 |
||